000 00343nam a2200157Ia 4500
003 Ost
005 20260225132549.0
008 260225s9999||||xx |||||||||||||| ||und||
040 _cfsic
041 _afre
082 _a440
100 _aMohamed dib
_eAuteur
245 0 _ales terrasses d'orsol /
245 0 _cMohamed dib
942 _cكتاب
999 _c34006
_d34006